00836 2200313 4500001002100000005001500021035002000036007000300056008004100059040001700100100001600117245006900133250001100202300003100213504002500244020002200269041000800291082000800299084001400307090002100321260004000342700001800382850001000400600001600410990002400426990002400450990002400474990002400498INLIS00000000000279220260531120620 a0010-0720000075ta260531 0  aSBPUPADbind0 aZainal Aqib1 aEnsiklopedi Pendidikan dan Psikologi /cZainal Aqib;editor,Ignas a.-Ed.1 a249 hlm. :bilus. ;c24 cm aBibliografi, hlm 251 a978-979-29-6621-30 aind a030 a030 ZAI e a542.3 PHI a 16-4 a.--Yogyakarta :bBumi Aksara,c20170 aeditor, Ignas aPUPAD 4aEnsiklopedi a34.683/DAK/DPK/2019 a34.682/DAK/DPK/2019 a34.684/DAK/DPK/2019 a34.797/DAK/DPK/2019